000 00946nam a22002897a 4500
003 DO-SdBPM
005 20251125115054.0
007 ta
008 171122b1994 sp |00| 0 spa d
020 _a8427815220
040 _aDO-SdBPM
_bspa
_cBPMSU
_erda
082 4 _aR036
_bC689e 1994
_222
245 1 0 _aCole:
_benciclopedia temática para el estudiante
264 _aBarcelona :
_bEdiciones Nauta,
_c1994
300 _a287 páginas;
_c24 cm.
336 _atesto
_btxt
_2rdacontent
337 _asin mediación
_bn
_2rdamedia
338 _avolume
_bnc
_2rdacarrier
500 _aMatemáticas. Física. Química
590 _aInventariado, 2025/VM
650 7 _aEnciclopedias y diccionarios.
650 7 _aMatemáticas
_xEstudio y enseñanza
_vEnciclopedias.
650 7 _aFísica
_x Enseñanza
_vEnciclopedias
650 7 _aQuímica
_xEnseñanza
_vEnciclopedias.
910 _aVMateo V. Control de calidad. BPMSU
942 _2ddc
_cBK
999 _c13017
_d13017